• 首页
  • 本馆介绍
  • 公告通知
  • 最新文献
  • 馆藏检索
  • 电子资源
  • 读者导购
  • 参考咨询
  • 我的图书馆
  • 登录
  • 详细信息显示
  • 放入我的书架
  • 预约/预借图书
  • 作者相关作品
  • 分类相关作品
  • 丛书相关作品
  • 出版社相关作品

书目信息

  • 表格格式
  • 工作单格式
  • 卡片格式
题名:
植物激素作用的分子机理
    
 
作者: 薛红卫 , 许智宏 主编
分册:  
出版信息: 上海   上海科学技术出版社  2012.10
页数: 10, 450页
开本: 30cm
丛书名:
单 册:
中图分类: Q946.885
科图分类:
主题词: 植物激素--研究
电子资源:
ISBN: 978-7-5478-1433-8
000 01534nam0 2200289 45
001 1355406374
005 20130513145028.26
010    @a978-7-5478-1433-8@b精装@dCNY188.00
100    @a20130108d2012 em y0chiy0121 ea
101 0  @achi
102    @aCN@b310000
105    @aa a 001yy
106    @ar
200 1  @a植物激素作用的分子机理@AZhi Wu Ji Su Zuo Yong De Fen Zi Ji Li@dPlant hormones: function and molecular mechanism@f许智宏, 薛红卫主编@FXu Zhi Hong , Xue Hong Wei Zhu Bian@zeng
210    @a上海@c上海科学技术出版社@d2012.10
215    @a10, 450页@c彩图@d30cm
306    @a国家科学技术学术著作出版基金资助出版 国家自然科学基金委员会重大研究计划“植物激素作用的分子机理”资助出版
312    @a英文并列题名取自封面
320    @a有书目和索引
330    @a本书共17章, 第1-10章介绍经典的五大类植物激素 (生长素、细胞分裂素、脱落酸、赤霉素、乙烯) 和其他生长调节物质 (油菜素甾醇、茉莉素、水杨酸、多胺、多肽激素等), 系统阐述各类激素的生物合成、代谢、信号转导、对植物生长发育的影响及作用的分子机理; 后面7章重点对植物激素在根发育 (含营养吸收)、植物分枝调控、花发育、植物生殖发育、胚胎和种子发育、植物衰老调控以及离体培养中植物激素的作用和分子机理进行阐述。部分章节还介绍了植物激素问的相互作用与信号交叉及其协调生长发育与适应性的分子机制。
510 1  @aPlant hormones: function and molecular mechanism@zeng
606 0  @a植物激素@x研究
690    @aQ946.885@v5
701  0 @a薛红卫@AXue Hong Wei@4主编
701  0 @a许智宏@AXu Zhi Hong@4主编
801    @aCN@bTANGWEI@c20130111
905    @b0831064-66@dQ946.885@e209@f3
    
    植物激素作用的分子机理=Plant hormones: function and molecular mechanism/许智宏, 薛红卫主编.-上海:上海科学技术出版社,2012.10
    10, 450页:彩图;30cm
    
    
    ISBN 978-7-5478-1433-8(精装):CNY188.00
    本书共17章, 第1-10章介绍经典的五大类植物激素 (生长素、细胞分裂素、脱落酸、赤霉素、乙烯) 和其他生长调节物质 (油菜素甾醇、茉莉素、水杨酸、多胺、多肽激素等), 系统阐述各类激素的生物合成、代谢、信号转导、对植物生长发育的影响及作用的分子机理; 后面7章重点对植物激素在根发育 (含营养吸收)、植物分枝调控、花发育、植物生殖发育、胚胎和种子发育、植物衰老调控以及离体培养中植物激素的作用和分子机理进行阐述。部分章节还介绍了植物激素问的相互作用与信号交叉及其协调生长发育与适应性的分子机制。
●
相关链接 在E读中查询图书 在五车中查询图书 在当当中查询图书 在豆瓣中查询图书


正题名:植物激素作用的分子机理     索取号:Q946.885/209         预约/预借

序号 登录号 条形码 馆藏地/架位号 状态 备注
1 0831064   208310647   第二样本阅览室/ [索取号:Q946.885/209] 在馆    
2 0831065   208310656   第三借阅区/ [索取号:Q946.885/209] 在馆    
3 0831066   208310665   第三借阅区/ [索取号:Q946.885/209] 在馆    
唐山师范学院图书馆 欢迎您!
大连网信软件有限公司© 版权所有